[Event "Regionalliga SW 9596"]
[Site "Bayern"]
[Date "1996.??.??"]
[Round "?"]
[White "Nierlich, Gerhard"]
[Black "Huber, Marc"]
[Result "0-1"]
[WhiteElo "1875"]
[BlackElo "2030"]
[PlyCount "66"]
[EventDate "1995.10.??"]
[EventType "team-tourn"]
[EventRounds "9"]
[EventCountry "GER"]
[SourceTitle "EXT 1999"]
[Source "ChessBase"]
[SourceDate "1998.11.16"]
[SourceVersion "1"]
[SourceVersionDate "1998.11.16"]
[SourceQuality "1"]
[WhiteTeam "Lauingen"]
[BlackTeam "Garching"]
[WhiteTeamCountry "GER"]
[BlackTeamCountry "GER"]

1. d4 f5 2. Nc3 Nf6 3. Bg5 d5 4. f3 Nc6 5. Nh3 Be6 6. e4 fxe4 7. Nf4 Bf7 8. fxe4 Nxe4 9. Nxe4 dxe4 10. d5 Ne5 11. Qd4 Qd6 12. Qa4+ c6 13. dxc6 Nxc6 14. Bb5 h6 15. Rd1 Qc5 16. Bh4 g5 17. Bf2 e3 18. Bg3 gxf4 19. Bxf4 Bg7 20. Rd3 0-0 21. Bxe3 Qb4+ 22. c3 Qxa4 23. Bxa4 Bc4 24. Rd7 b5 25. Bc2 Rad8 26. Rc7 Rd6 27. a4 Re6 28. Kd2 Rd8+ 29. Bd4 Nxd4 30. cxd4 Bxd4 31. Kc1 Bb6 32. Rb7 Bd5 33. Rd1 Bxb7 0-1

[Event "Regionalliga SW 9495"]
[Site "Bayern"]
[Date "1995.??.??"]
[Round "?.6"]
[White "Achatz, Georg"]
[Black "Nierlich, Gerhard"]
[Result "1/2-1/2"]
[WhiteElo "1960"]
[BlackElo "1885"]
[PlyCount "192"]
[EventDate "1994.10.??"]
[EventType "team-tourn"]
[EventRounds "9"]
[EventCountry "GER"]
[SourceTitle "EXT 1999"]
[Source "ChessBase"]
[SourceDate "1998.11.16"]
[SourceVersion "1"]
[SourceVersionDate "1998.11.16"]
[SourceQuality "1"]
[WhiteTeam "Haunstetten"]
[BlackTeam "Lauingen"]
[WhiteTeamCountry "GER"]
[BlackTeamCountry "GER"]

1. e4 c5 2. d4 cxd4 3. c3 d3 4. Bxd3 Nc6 5. c4 d6 6. Nc3 Nf6 7. h3 g6 8. Nf3 Bg7 9. 0-0 0-0 10. Be3 Bd7 11. Rc1 Rc8 12. Qe2 Qa5 13. b3 Rfe8 14. Bb1 Nd8 15. Rfd1 Ne6 16. Nd4 a6 17. Nxe6 Bxe6 18. Bd4 Qg5 19. Qe3 Qh4 20. Qg3 Qxg3 21. fxg3 Nd7 22. Bxg7 Kxg7 23. Bd3 h5 24. Be2 Ne5 25. Na4 Nd7 26. Kf2 Rc7 27. Rc3 Nc5 28. Nxc5 Rxc5 29. Rf3 a5 30. Rf4 Rec8 31. Rd2 R8c7 32. Ke3 Rc8 33. Rh4 Re5 34. Kd4 Rec5 35. g4 hxg4 36. Bxg4 Bxg4 37. Rxg4 b5 38. cxb5 Rxb5 39. Kd3 Rbc5 40. Rf4 Rc3+ 41. Ke2 R8c5 42. Rf3 Rc1 43. Rfd3 Re5 44. Rd4 Rc3 45. R2d3 Rc2+ 46. Rd2 Rc3 47. Kf2 Kf6 48. h4 Ke6 49. Ra4 Rcc5 50. Rd3 Rc2+ 51. Kf3 Rcc5 52. b4 axb4 53. Rxb4 Ra5 54. a4 Kf6 55. g4 Ke6 56. Rc3 Ra7 57. Rcc4 Rea5 58. Kf4 Kf6 59. Ke3 Ke6 60. Kd3 Ra8 61. g5 R8a7 62. Kc3 f6 63. gxf6 exf6 64. Rd4 R7a6 65. Kb3 Rh5 66. Rd5 Rxh4 67. Rbd4 g5 68. Kb4 Kd7 69. Kb5 Rc6 70. a5 Rh8 71. Rf5 Rb8+ 72. Ka4 Rc1 73. Rf3 g4 74. Ra3 Kc6 75. Rb4 Rxb4+ 76. Kxb4 Rb1+ 77. Kc4 Rc1+ 78. Kd4 Rd1+ 79. Kc4 Rc1+ 80. Kb4 Rb1+ 81. Kc3 Rb8 82. Kd4 Ra8 83. a6 Kb6 84. Kd5 Rxa6 85. Rg3 Kc7 86. Rxg4 Kd7 87. Rg7+ Ke8 88. Ke6 Kf8 89. Rf7+ Kg8 90. Rd7 d5+ 91. Kxd5 Ra5+ 92. Kd6 Ra6+ 93. Kc7 Ra4 94. Re7 Kf8 95. Re6 Kf7 96. Rc6 Rxe4 1/2-1/2

[Event "Regionalliga SW 9596"]
[Site "Bayern"]
[Date "1995.??.??"]
[Round "?"]
[White "Nierlich, Gerhard"]
[Black "Voss, Michael"]
[Result "0-1"]
[WhiteElo "1875"]
[BlackElo "1905"]
[PlyCount "48"]
[EventDate "1995.10.??"]
[EventType "team-tourn"]
[EventRounds "9"]
[EventCountry "GER"]
[SourceTitle "EXT 1999"]
[Source "ChessBase"]
[SourceDate "1998.11.16"]
[SourceVersion "1"]
[SourceVersionDate "1998.11.16"]
[SourceQuality "1"]
[WhiteTeam "Lauingen"]
[BlackTeam "Kriegshaber SK"]
[WhiteTeamCountry "GER"]
[BlackTeamCountry "GER"]

1. d4 e6 2. Nf3 f5 3. Nbd2 Nf6 4. e3 b6 5. Bd3 Bb7 6. c4 Be7 7. Qc2 Na6 8. a3 c5 9. b3 0-0 10. Bb2 g6 11. h3 cxd4 12. exd4 d5 13. Ne5 Ne4 14. Nf1 Rc8 15. Qe2 Nb8 16. Rg1 Nd7 17. g4 Nxe5 18. dxe5 Bc5 19. Bxe4 fxe4 20. Ne3 Qh4 21. b4 Bxe3 22. Qxe3 Rf3 23. Qe2 Rxc4 24. Rd1 Qxh3 0-1